MARC

LEADER 00000nam0a2200000 4500
001 272847
005 20231101234556.0
035 |a (RuTPU)RU\TPU\book\296056 
090 |a 272847 
100 |a 20141022d1960 m y0rusy50 ca 
101 0 |a rus 
102 |a RU 
105 |a a j 001zy 
200 1 |a Руководство к малому практикуму по органической химии  |e учебное пособие для техникумов  |f В. В. Некрасов 
205 |a 3-е изд., доп. 
210 |a Москва  |c Госхимиздат  |d 1960 
215 |a 356 с.  |c ил. 
320 |a Предметный указатель: с. 344-356. 
606 1 |a Органическая химия  |2 stltpush  |3 (RuTPU)RU\TPU\subj\47309  |9 66362 
610 1 |a учебные пособия 
610 1 |a оборудование 
610 1 |a методические рекомендации 
610 1 |a органические соединения 
610 1 |a качественный анализ 
610 1 |a насыщенные углеводороды 
610 1 |a ненасыщенные углеводороды 
610 1 |a спирты 
610 1 |a эфиры 
610 1 |a альдегиды 
610 1 |a кетоны 
610 1 |a карбоновые кислоты 
610 1 |a жиры 
610 1 |a мыла 
610 1 |a углеводы 
610 1 |a ароматические углеводороды 
610 1 |a фенолы 
610 1 |a нафтолы 
610 1 |a хиноны 
610 1 |a фталеины 
610 1 |a сернистые соединения 
610 1 |a магнийорганические соединения 
610 1 |a синтетические полимеры 
610 1 |a белковые вещества 
675 |a 547(076.5)  |v 3 
700 1 |a Некрасов  |b В. В.  |g Всеволод Владимирович 
801 1 |a RU  |b 63413507  |c 20141022 
801 2 |a RU  |b 63413507  |c 20160701  |g RCR 
942 |c BK